| 000 | 00000nam##2200000za#4500 |
| 001 | 9.643083 |
| 003 | CaOODSP |
| 005 | 20210624224015 |
| 007 | cr ||||||||||| |
| 008 | 150407|2001||||xxc|||||o f|0| 0 fre|d |
| 040 | |aCaOODSP|bfre |
| 043 | |an-cn--- |
| 086 | 1 |aCW66-400/2001F-PDF |
| 110 | 2 |aService canadien de la faune. |
| 245 | 10|aStratégie et plan d'action concernant la conservation des oiseaux de rivage : |h[ressource électronique]|bdivision de la conservation du nord / |c[publié par le] Région des Prairies et du Nord. |
| 260 | |aYellowknife - Territoires du Nord-Ouest : |bEnvironnement Canada. |cAoût 2001. |
| 590 | |a14-21-Supp|b2014-12-11 |
| 691 | 07|aConservation de l'environnement|2gcpds |
| 691 | 07|aOiseau|2gcpds |
| 856 | 40|ahttp://publications.gc.ca|qPDF|s462 Ko|uhttps://publications.gc.ca/collections/collection_2014/ec/CW66-400-2001-fra.pdf |